| 000 | 00377nam a2200145 a 4500 | ||
|---|---|---|---|
| 005 | 20140414132001.0 | ||
| 008 | 100906s19uu xx 00 eng d | ||
| 050 |
_aTR 598 _bC67 1995 |
||
| 100 | _aCole, Joanna | ||
| 245 | _aMagic school bus, going batty. | ||
| 260 |
_aNew York : _bScholastic , _c1995. |
||
| 440 | _aThe magic school bus | ||
| 650 | _aBats | ||
| 999 |
_c113066 _d113066 |
||